| 000 | 00397nam a22001457a 4500 | ||
|---|---|---|---|
| 008 | 250514b |||||||| |||| 00| 0 eng d | ||
| 020 | _a9781529136869 | ||
| 050 |
_aPS3616.A8795 _b.T45 |
||
| 100 | _aPatterson Susan | ||
| 245 | _aThings I Wish I Told My Mother | ||
| 260 |
_aLondon _bCentury _c2023 |
||
| 300 | _a309p. | ||
| 650 |
_aMothers and daughters - fiction _vVacation - fiction |
||
| 942 | _cBK | ||
| 999 |
_c3460 _d3460 |
||